<?xml version="1.0" encoding="UTF-8"?>
<collection xmlns="http://www.loc.gov/MARC21/slim">
 <record>
  <leader>01670nam0a2200277   4500</leader>
  <controlfield tag="001">in00000002648</controlfield>
  <controlfield tag="005">20230112110031.0</controlfield>
  <datafield tag="010" ind1=" " ind2=" ">
   <subfield code="a">978-7-5356-9521-5</subfield>
   <subfield code="d">CNY68.00</subfield>
  </datafield>
  <datafield tag="035" ind1=" " ind2=" ">
   <subfield code="a">01080109</subfield>
  </datafield>
  <datafield tag="100" ind1=" " ind2=" ">
   <subfield code="a">20210906d2021    em y0chiy50      ea</subfield>
  </datafield>
  <datafield tag="101" ind1="1" ind2=" ">
   <subfield code="a">chi</subfield>
   <subfield code="c">jpn</subfield>
  </datafield>
  <datafield tag="102" ind1=" " ind2=" ">
   <subfield code="a">CN</subfield>
   <subfield code="b">430000</subfield>
  </datafield>
  <datafield tag="105" ind1=" " ind2=" ">
   <subfield code="a">a   z   000yy</subfield>
  </datafield>
  <datafield tag="106" ind1=" " ind2=" ">
   <subfield code="a">r</subfield>
  </datafield>
  <datafield tag="200" ind1="1" ind2=" ">
   <subfield code="a">快速上手! 什么都能画的秘密</subfield>
   <subfield code="9">kuai su shang shou ! shen me dou neng hua de mi mi</subfield>
   <subfield code="f">(日)室井康雄著</subfield>
   <subfield code="g">(日)千叶万希子译</subfield>
  </datafield>
  <datafield tag="210" ind1=" " ind2=" ">
   <subfield code="a">长沙</subfield>
   <subfield code="c">湖南美术出版社</subfield>
   <subfield code="d">2021</subfield>
  </datafield>
  <datafield tag="215" ind1=" " ind2=" ">
   <subfield code="a">159页</subfield>
   <subfield code="c">图</subfield>
   <subfield code="d">26cm</subfield>
  </datafield>
  <datafield tag="300" ind1=" " ind2=" ">
   <subfield code="a">后浪漫漫画技法类图书</subfield>
  </datafield>
  <datafield tag="306" ind1=" " ind2=" ">
   <subfield code="a">本书中文简体版权归属于银杏树下 (北京) 图书有限责任公司</subfield>
  </datafield>
  <datafield tag="314" ind1=" " ind2=" ">
   <subfield code="a">室井康雄,1981年生,中央大学毕业后,进入吉卜力工作室。千叶万希子,毕业于清华大学新闻与传播学院,文学学位博士。</subfield>
  </datafield>
  <datafield tag="330" ind1=" " ind2=" ">
   <subfield code="a">从“零基础”绘画菜鸟蜕变为职业动画师,不断精进画艺的室井康雄不仅形成了一个独特的“绘画流派”,更是细心地将自己常用的绘画技巧总结成简单易懂的练习法则分享给大家。“动画私塾”便是他自2013年就开始创办的动画制作课程,他将讲座中的知识精华进行汇总后集合成册,并保留了16幅修改案例作为全书知识点的综合应用示范。在此献给所有热爱画画、想要突破绘画瓶颈的人们!</subfield>
  </datafield>
  <datafield tag="606" ind1="0" ind2=" ">
   <subfield code="a">动画</subfield>
   <subfield code="x">绘画技法</subfield>
  </datafield>
  <datafield tag="690" ind1=" " ind2=" ">
   <subfield code="a">J218.7</subfield>
   <subfield code="v">5</subfield>
  </datafield>
  <datafield tag="701" ind1=" " ind2="0">
   <subfield code="c">(日)</subfield>
   <subfield code="a">室井康雄</subfield>
   <subfield code="9">shi jing kang xiong</subfield>
   <subfield code="f">(1981-)</subfield>
   <subfield code="4">著</subfield>
  </datafield>
  <datafield tag="702" ind1=" " ind2="0">
   <subfield code="c">(日)</subfield>
   <subfield code="a">千叶万希子</subfield>
   <subfield code="9">qian ye wan xi zi</subfield>
   <subfield code="4">译</subfield>
  </datafield>
  <datafield tag="999" ind1="f" ind2="f">
   <subfield code="s">7f834996-cefd-4cd4-aae6-f56ebefe66f2</subfield>
   <subfield code="i">57718e80-64f0-4666-8ad9-888c7f46986a</subfield>
  </datafield>
 </record>
</collection>
